| 000 | 00853nam a22002535i 4500 | ||
|---|---|---|---|
| 001 | 11606 | ||
| 003 | ES-MaACL | ||
| 005 | 20250930063032.0 | ||
| 007 | t| | ||
| 008 | 941006s1994 sp ||||0| spa d | ||
| 020 | _a84-7811-155-7 | ||
| 040 |
_aM-BN _bspa _cM-BN |
||
| 080 | _a339.564(460) | ||
| 100 | 1 |
_aAlonso, José Antonio, _d1954- _920213 |
|
| 245 | 1 | 0 |
_aCompetitividad de la empresa exportadora española / _cJosé Antonio Alonso, Vicente Donoso. |
| 260 |
_aMadrid : _bInstituto Español de Comercio Exterior, _cD.L. 1994. |
||
| 300 |
_aXVII, 423 p : _bgráf ; _c23 cm. |
||
| 504 | _aBibliografía: p. 399-423. | ||
| 650 | 1 | 4 |
_aExportación- _zEspaña. _912699 |
| 700 | 1 |
_aDonoso, Vicente. _945340 |
|
| 710 | 2 |
_aInstituto Español de Comercio Exterior _95037 |
|
| 852 |
_aES-MaACL _jL-18984 _bR.124707 |
||
| 999 |
_c11606 _d11606 |
||